| Поле | Инд. | ПП | Название | Значение |
|---|---|---|---|---|
| Тип записи | a | |||
| Библиографический уровень | m | |||
| 001 | Контрольный номер | 6bdea6c2-144b-4885-91cc-afccb6f06191 | ||
| 005 | Дата корректировки | 20140226215846.2 | ||
| 008 | Кодируемые данные | 000724 d | ||
| 020 | a | ISBN | 0-256-08338-X | |
| c | Цена, тираж | 112.72 | ||
| 040 | a | Служба первич. каталог. | НБ ТвГУ | |
| 041 | a | Код языка текста | eng | |
| 080 | a | Индекс УДК | 519.23/.24 | |
| 084 | a | Индекс другой классификации/Индекс ББК | В172 | |
| 090 | x | Авторский знак | N46 | |
| a | Полочн. индекс | В172 | ||
| 100 | 1_ | a | Автор | Neter John |
| 245 | 0_ | a | Заглавие | Applied linear statistical models |
| b | Продолж. заглавия | Regression, analysis of variance, a. experimental designs | ||
| c | Ответственность | John Neter, William Wasserman, Michael H. Kutner | ||
| 260 | 0_ | a | Место издания | Burr Ridge (Ill.) etc. |
| b | Издательство | Irwin | ||
| c | Дата издания | 1990 | ||
| 300 | a | Объем | XVI,1181 p. | |
| b | Иллюстрации/ тип воспроизводства | ill. | ||
| 504 | a | Библиография | Bibliogr.: p.1169-1173. - Ind.: p.1175-1181. | |
| 583 | a | Действие | Получение впервые 233 12.07.2000 | |
| k | Исполнитель действия | Дар РГГУ | ||
| 650 | a | Основная рубрика | Математическая статистика | |
| 650 | a | Основная рубрика | Статистическое моделирование | |
| 653 | a | Ключевые слова | Математическая статистика | |
| a | Ключевые слова | Статистическое моделирование | ||
| a | Ключевые слова | Cтатистические модели | ||
| a | Ключевые слова | Прикладная статистика | ||
| a | Ключевые слова | Прикладные статистические модели | ||
| a | Ключевые слова | Линейные статистические модели | ||
| a | Ключевые слова | Регрессия | ||
| a | Ключевые слова | Дисперсионный анализ | ||
| a | Ключевые слова | Экспериментальные проекты | ||
| 700 | 1_ | a | Другие авторы | Wasserman William |
| e | Роль лиц | auth. | ||
| 700 | 1_ | a | Другие авторы | Kutner Michael H |
| e | Роль лиц | auth. | ||
| 852 | t | Порядковый номер экземпляра | 1 | |
| p | Инвентарный номер | 723968 | ||
| 888 | a | Бесплатные | ||
| 930 | a | Новая/Ретро | англ | |
| a | Новая/Ретро | иностр | ||
| 952 | p | 233.2000 112.72 1 723968 | ||
| c | Вид литературы | К ин | ||
| 954 | a | Дата поступления на обработку | 20000724 | |
| 999 | a | Подразделение 2 | Фил3 |